| 000 | 00768nam a22001937a 4500 | ||
|---|---|---|---|
| 999 |
_c371829 _d371829 |
||
| 008 | 201127b ||||| |||| 00| 0 eng d | ||
| 040 |
_aDE-2950 _bger _cDE-2950 _erda |
||
| 041 | _ager | ||
| 245 |
_aOder trennt Nachbarn. _bFischsterben. Der Deutsch-Polnische Umweltrat zeigt vor allen, dass beide Seiten bei ihrer Sicht auf und den Umbau mit dem Grenzfluss noch weit auseinander liegen/ _cNancy Waldmann |
||
| 264 | _c2022 | ||
| 653 | _aFrankfurt (Oder) | ||
| 653 | _aFischsterben | ||
| 653 | _aOderausbau | ||
| 773 |
_dFrankfurt (Oder) Märkisches Verlags- und Druckhaus GmbH & Co KG _tMärkische Oderzeitung _g33. Jahrgang (2022) Nr. 202 vom 30.08.2022, S. 9, mit Bild |
||
| 942 | _cA | ||